[Event "Regionalliga SO9798"]
[Site "Bayern"]
[Date "1998.??.??"]
[Round "?"]
[White "Bielmeier, Ludwig"]
[Black "Cuadrado, Guillermo"]
[Result "1/2-1/2"]
[WhiteElo "2100"]
[BlackElo "2140"]

1.d4 f5 2.g3 Nf6 3.Bg2 g6 4.Nf3 Bg7 5.O-O O-O 6.c4 d6 7.d5 Na6 8.Nc3 Qe8
9.Nd4 Bd7 10.Rb1 c6 11.b3 Nc7 12.Bb2 c5 13.Nc2 b5 14.cxb5 Nxb5 15.Nxb5 Bxb5
16.Na3 Ba6 17.Re1 Qf7 18.Nc4 Nd7 19.Bxg7 Kxg7 20.Qd2 f4 21.gxf4 Qxf4 22.Qxf4 Rxf4
23.e3 Rg4 24.f3  1/2-1/2

[Event "Regionalliga SW9798"]
[Site "Bayern"]
[Date "1998.??.??"]
[Round "?"]
[White "Santl, Anton"]
[Black "Geyer, Thomas"]
[Result "0-1"]
[WhiteElo "2115"]
[BlackElo "2110"]

1.Nf3 f5 2.g3 g6 3.Bg2 Bg7 4.d4 Nf6 5.c4 O-O 6.O-O d6 7.Nc3 Qe8 8.Bg5 h6
9.Bxf6 Bxf6 10.Nd5 Na6 11.Nxf6+ Rxf6 12.e3 c6 13.Qd2 Kg7 14.Qc3 g5 15.Nd2 e5
16.b4 e4 17.a4 Nc7 18.b5 d5 19.cxd5 Nxd5 20.Qb3 Be6 21.bxc6 bxc6 22.Rfc1 Nf4
23.Qb7+ Rf7 24.Qa6 Bc8 25.Qf1 Nd3 26.Rc3 a5 27.Qd1 Be6 28.Rb1 Bd5 29.Bf1 Nb4
30.Rc5 f4 31.Nc4 Bxc4 32.Bxc4 Rf6 33.Re5 Qg6 34.Qg4 fxe3 35.fxe3 Ra7 36.Qc8 Raf7
37.Re8 Rf8 38.Re7+ Kh8 39.Qd7 Nd3 40.Be6 h5 41.Bh3 g4 42.Bg2 Nf2 43.Rf1 Nh3+
44.Bxh3 gxh3 45.Rh7+ Kg8 46.Qg7+ Qxg7  0-1

[Event "Landesliga Nord9798"]
[Site "Bayern"]
[Date "1998.??.??"]
[Round "?"]
[White "Kreuzer, Helmut"]
[Black "Gruenbeck, Andreas"]
[Result "0-1"]
[WhiteElo "2080"]
[BlackElo "1965"]

1.d4 f5 2.g3 Nf6 3.Bg2 g6 4.Nf3 Bg7 5.O-O O-O 6.c4 d6 7.Nc3 Nc6 8.b3 e5 9.Bb2 e4
10.Ne1 Ne7 11.d5 g5 12.Qd2 h6 13.Nc2 Ng6 14.Nd4 Qe7 15.Rad1 Ng4 16.Nc2 Bd7
17.Qc1 a6 18.a4 Rae8 19.f3 Nf6 20.fxe4 f4 21.Nd4 fxg3 22.hxg3 Nh5 23.Nf5 Bxf5
24.exf5 Nxg3 25.Rf3 Nxf5 26.Qb1 Ngh4 27.Rxf5 Rxf5 28.e4 Rf4 29.Qd3 Rg4 30.Rd2 Bd4+
31.Kh1 Rxg2 32.Rxg2 Nxg2 33.Kxg2 Bxc3 34.Qxc3 Qxe4+  0-1

[Event "Landesliga Nord 9899"]
[Site "Bayern"]
[Date "1998.??.??"]
[Round "?"]
[White "Jirovsky, Pavel"]
[Black "Finster, Michael"]
[Result "1-0"]
[WhiteElo "2380"]
[BlackElo "2135"]

1.d4 f5 2.Nf3 Nf6 3.g3 g6 4.Bg2 Bg7 5.O-O O-O 6.c4 d6 7.Nc3 c6 8.d5 e5 9.dxe6 Bxe6
10.Qd3 Na6 11.Ng5 Nc5 12.Nxe6 Nxe6 13.Rd1 Ne8 14.b3 f4 15.Bb2 Qa5 16.Rd2 Rd8
17.Rad1 Qh5 18.Bf3 Qh3 19.Bg2 Qh5 20.Ne4 Bxb2 21.Rxb2 Nf6 22.Nxf6+ Rxf6 23.Qc3 Rdf8
24.Bf3 Qe5 25.Rc2 fxg3 26.fxg3 Qc5+ 27.Kg2 Ng5 28.Rd3 Qf5 29.Re3 Qh3+ 30.Kg1 Qf5
31.Rc1 h5 32.Rf1 Nh3+ 33.Kg2 h4 34.Bd5+ Qxd5+ 35.cxd5 Rxf1 36.Kxh3 hxg3 37.Rxg3 Kh7
38.dxc6 bxc6 39.Qxc6  1-0

[Event "Biel op"]
[Site "Biel"]
[Date "1998.??.??"]
[Round "1"]
[White "Kallai, Gabor"]
[Black "Terreaux, Gilles"]
[Result "1-0"]
[WhiteElo "2470"]
[BlackElo "2230"]

1.d4 f5 2.Nf3 Nf6 3.g3 g6 4.Bg2 Bg7 5.O-O O-O 6.c4 d6 7.Nc3 Qe8 8.d5 Na6
9.Rb1 Nc5 10.Nb5 Qd8 11.Nfd4 e5 12.dxe6 c6 13.Nc3 Nxe6 14.e3 a5 15.Nxe6 Bxe6
16.b3 Qc7 17.Rb2 Rfd8 18.Rd2 Rd7 19.Bb2 Rad8 20.Qa1 Ng4 21.Rfd1 Qb8 22.h3 Nf6
23.Na4 Ne4 24.Bxg7 Nxd2 25.Bf6 Ne4 26.Nb6 Rf7 27.Bxd8 Qxd8 28.Na4 Qf8 29.Nc3 Nc5
30.Qc1 Rd7 31.Rd4 Bf7 32.h4 Ne6 33.Rd1 Nc5 34.Qc2 Qe7 35.Ne2 Qf6 36.Nf4 Ne6
37.Nd3 Qd8 38.Qd2 Be8 39.Qc3 Bf7 40.Bf3 Be8 41.Kg2 Bf7 42.Kh2 Be8 43.Kh1 Bf7
44.Kg1 Be8 45.Qd2 Kg7 46.Nc1 Kg8 47.Ne2 Bf7 48.Qc3 Be8 49.Nd4 Bf7 50.h5 Nxd4
51.Rxd4 g5 52.h6 Qf6 53.Qxa5 Qxh6 54.Qxf5 Be6 55.Qe4 Qf6 56.Bg4 Bxg4 57.Qxg4 Rf7
58.Rf4 Qa1+ 59.Kg2 h6 60.Qc8+  1-0

[Event "Biel op"]
[Site "Biel"]
[Date "1998.??.??"]
[Round "5"]
[White "Niklasch, Oliver"]
[Black "Terreaux, Gilles"]
[Result "1-0"]
[WhiteElo "2345"]
[BlackElo "2230"]

1.d4 f5 2.g3 Nf6 3.Bg2 g6 4.Nf3 Bg7 5.O-O O-O 6.c4 d6 7.Nc3 Qe8 8.Re1 h6
9.e4 fxe4 10.Nxe4 Qf7 11.d5 c5 12.Nxf6+ Qxf6 13.a4 Na6 14.Ra3 g5 15.Qe2 Nb4
16.h4 g4 17.Nh2 Bf5 18.Be4 Bxe4 19.Nxg4 Qf7 20.Nxh6+ Bxh6 21.Bxh6 Bg6 22.Bxf8 Rxf8
23.Re3 Nc2 24.Rxe7 Nd4 25.Qe3 Qf5 26.f4 Qg4 27.Rxb7 Nf3+ 28.Kf2 Nxe1 29.Qxe1 Re8
30.Re7 Rb8 31.Qc3 Bf7 32.Qf6 Bh5 33.Qg5+ Qxg5 34.hxg5 Rxb2+ 35.Kg1 Bf3 36.f5  1-0

[Event "SLO-HUN mJ"]
[Site "Bled"]
[Date "1998.??.??"]
[Round "1"]
[White "Goczo, Melinda"]
[Black "Kaps, Darja"]
[Result "1/2-1/2"]
[WhiteElo "2170"]
[BlackElo "2115"]

1.d4 g6 2.Nf3 Bg7 3.g3 f5 4.Bg2 Nf6 5.c4 O-O 6.O-O d6 7.Nc3 Nc6 8.d5 Ne5
9.Nxe5 dxe5 10.e4 e6 11.Qe2 exd5 12.exf5 d4 13.Rd1 Bxf5 14.Qxe5 Ne4 15.Qd5+ Qxd5
16.Nxd5 Nxf2 17.Kxf2 Bg4+ 18.Bf4 Bxd1 19.Rxd1 g5 20.Nxc7 Rab8 21.Ne6 gxf4
22.Nxf8 fxg3+ 23.Kxg3 Kxf8 24.Bd5 Be5+ 25.Kg4 Ke7 26.Rf1 Rf8 27.Rxf8 Kxf8
28.Bxb7 Bxh2 29.Be4 h6 30.b4 Ke7 31.Kf5 Bg3 32.Bd3 h5 33.Bf1 Be1 34.a3 Kd6
35.Ke4 Bc3 36.Bh3 h4 37.Kf3  1/2-1/2

[Event "Bled op-B"]
[Site "Bled"]
[Date "1998.??.??"]
[Round "6"]
[White "Skok, Boris"]
[Black "Djoc, Goran"]
[Result "0-1"]
[WhiteElo "2140"]
[BlackElo "1850"]

1.d4 f5 2.c4 Nf6 3.Nf3 g6 4.g3 Bg7 5.Bg2 O-O 6.O-O d6 7.Nc3 Qe8 8.d5 a5 9.Nb5 Na6
10.Ng5 e5 11.dxe6 Bxe6 12.Nxe6 Qxe6 13.Bxb7 Qxc4 14.Na3 Qf7 15.Bxa8 Rxa8
16.Be3 Nb4 17.Bd4 c5 18.Bc3 d5 19.e3 Qe6 20.Nc2 Qe4 21.Ne1 h5 22.a3 Nc6 23.Qd3 Qe6
24.Nf3 Ne4 25.Bxg7 Kxg7 26.h4 Ne5 27.Nxe5 Qxe5 28.Kg2 Nf6 29.Qc3 d4 30.exd4 cxd4
31.Qc6 Qe4+ 32.Qxe4 fxe4 33.Rfd1 Rd8 34.Rac1 Rd5 35.Rc4 d3 36.Rd2 Kf7 37.Rc3 Rf5
38.b4 axb4 39.axb4 Ng4 40.Rc7+ Ke6 41.Ra2 Kd6 42.Rg7 Ne5 43.Rg8 Kd5 44.Rc8 Nc4
45.Rc5+ Kd4 46.Rxf5 gxf5 47.Kf1 e3 48.fxe3+ Kxe3 49.Ke1 d2+ 50.Kd1 Kd3 51.Rxd2+ Nxd2
52.Ke1 Ke3  0-1

[Event "Bled op"]
[Site "Bled"]
[Date "1998.??.??"]
[Round "9"]
[White "Alexander, Paco"]
[Black "Lyell, Mark"]
[Result "0-1"]
[WhiteElo "2180"]
[BlackElo "2235"]

1.Nf3 f5 2.d4 Nf6 3.c4 g6 4.g3 Bg7 5.Bg2 O-O 6.O-O d6 7.Nc3 Qe8 8.d5 a5 9.Ne1 Na6
10.Nd3 h6 11.Rb1 g5 12.Bd2 Qg6 13.Nb5 Ne4 14.Bxa5 c6 15.Nc3 Nb8 16.Bc7 Bxc3
17.bxc3 Nxc3 18.Qb3 Nxb1 19.dxc6 Nxc6 20.c5+ Be6 21.Qxb7 Nc3 22.Bxc6 Nxe2+
23.Kh1 f4 24.Be4 Ra7 25.Bxg6 Rxb7 26.cxd6 exd6 27.Bxd6 Rd8  0-1

[Event "Cappelle op"]
[Site "Cappelle la Grande"]
[Date "1998.??.??"]
[Round "7"]
[White "Fridman, Daniel"]
[Black "Santo Roman, Marc"]
[Result "1/2-1/2"]
[WhiteElo "2520"]
[BlackElo "2375"]

1.d4 f5 2.g3 Nf6 3.Bg2 g6 4.Nf3 Bg7 5.O-O O-O 6.c4 d6 7.Nc3 Qe8 8.d5 a5 9.Ne1 Na6
10.Nd3 Rb8 11.e4 fxe4 12.Nxe4 Nxe4 13.Bxe4 b5 14.cxb5 Qxb5 15.Re1 Nc5 16.a4 Qc4
17.Nxc5 Qxc5 18.Be3 Qb4 19.Qc2 Bxb2 20.Rab1 Qc3 21.Re2 Qxc2 22.Rxc2 Rb4 23.Bh6 Re8
24.Bd3 Bf6 25.Rxc7 Rxb1+ 26.Bxb1 Bh3 27.Bd2 Rb8 28.Bd3 Rb2 29.Rc2 Rb1+ 30.Rc1 Rxc1+
31.Bxc1 Bc3 32.Be3 Bg4 33.f4 Bf3 34.Bc4 Bd1 35.Bb5 Bf3 36.Bc4 Bd1 37.Bb5 Bf3
38.Bc4 Bd1  1/2-1/2

[Event "Ceske Budejovice op"]
[Site "Ceske Budejovice"]
[Date "1998.??.??"]
[Round "?"]
[White "Likavsky, Tomas"]
[Black "Vokac, Marek"]
[Result "1-0"]
[WhiteElo "2525"]
[BlackElo "2525"]

1.d4 g6 2.c4 Bg7 3.Nf3 f5 4.g3 Nf6 5.Bg2 O-O 6.O-O d6 7.Nc3 Qe8 8.d5 Na6
9.Nd4 Bd7 10.e4 fxe4 11.Nxe4 Nxe4 12.Bxe4 c6 13.Be3 e5 14.dxe6 Bxe6 15.Nxe6 Qxe6
16.Bg2 Nc5 17.Qc2 Nd7 18.Rad1 Ne5 19.b3 a6 20.Rfe1 Rae8 21.Bc1 Qg4 22.Qe4 Qc8
23.f4 Nf7 24.Qd3 Rxe1+ 25.Rxe1 Re8 26.Rxe8+ Qxe8 27.Qe4 Qd7 28.h3 Nd8 29.h4 Qe6
30.Kf2 Kf7 31.Qxe6+ Nxe6 32.g4 Bd4+ 33.Ke2 Bf6 34.g5 Ba1 35.Kd3 Nd4 36.Bh3 Nf5
37.h5 Ke6 38.h6 d5 39.cxd5+ cxd5 40.Bg4 a5 41.Bd2 Bb2 42.Bxa5 Bc1 43.Bd2 Ba3
44.b4 Bb2 45.a4 Bh8 46.a5 d4 47.b5 Kd5 48.Bxf5 gxf5 49.a6 bxa6 50.bxa6 Kc6
51.Ba5  1-0

[Event "POL-ch sf"]
[Site "Czestochowa"]
[Date "1998.??.??"]
[Round "4"]
[White "Stefanek, Piotr"]
[Black "Bartel, Mateusz"]
[Result "0-1"]
[WhiteElo "2215"]
[BlackElo "2160"]

1.Nf3 f5 2.g3 Nf6 3.Bg2 g6 4.O-O Bg7 5.d4 O-O 6.c4 d6 7.Nc3 Nc6 8.Qc2 e5
9.dxe5 dxe5 10.Rd1 Qe8 11.Be3 e4 12.Nd4 Ng4 13.Nd5 Nxe3 14.fxe3 Qf7 15.Nxc6 bxc6
16.Nf4 g5 17.Nh3 Qh5 18.Nf2 Be5 19.Qa4 Qh6 20.Rab1 f4 21.Nxe4 Bf5 22.exf4 gxf4
23.c5 fxg3 24.Nxg3 Qe3+ 25.Kh1 Bxg3 26.hxg3 Rf6 27.Qb3+ Qxb3 28.axb3 Bxb1
29.Rxb1 Rb8 30.Ra1 Rxb3 31.Bf3 Rb7 32.b4 Kg7 33.Kg2 Re6 34.Kf2 Kf6 35.Ra4 Ke7
36.e3 Rf6 37.Ke2 a5 38.Rxa5 Rxb4 39.Ra2 Rc4 40.Ra7 Rc2+ 41.Kd3 Rxc5 42.Be4 h6
43.Rxc7+ Kd6 44.Rg7 Rg5 45.Rxg5 hxg5 46.g4 Ke5 47.Bg2 c5 48.Bb7 Rb6 49.Bc8 Rb3+  0-1

[Event "Dos Hermanas op"]
[Site "Dos Hermanas"]
[Date "1998.??.??"]
[Round "6"]
[White "Frois, Antonio"]
[Black "De la Riva Aguado, Oscar"]
[Result "1/2-1/2"]
[WhiteElo "2385"]
[BlackElo "2495"]

1.d4 f5 2.Nf3 g6 3.g3 Nf6 4.Bg2 Bg7 5.c4 O-O 6.O-O d6 7.Nc3 Nc6 8.d5 Ne5
9.Nxe5 dxe5 10.Qb3 h6 11.Rd1 a6 12.Bd2 Kh8 13.Be1 g5 14.Rac1 Qe8 15.c5 Rb8
16.d6 exd6 17.cxd6 Be6 18.Qa3 cxd6 19.Rxd6 Rf7 20.Qa5 Bf8 21.Rdd1 e4 22.e3 Rc8
23.Ne2 Bc4 24.Rxc4 Rxc4 25.Qxf5 Rc5 26.Qg6 Bg7 27.Bc3 Rf8 28.Qxe8 Rxe8 29.Rd6 Rc6
30.Rd4 Kg8 31.h3 Rc5 32.Rd6 Rc6 33.Rd4 Rc5  1/2-1/2

[Event "Centrocoop June op-A"]
[Site "Eforie Nord "]
[Date "1998.??.??"]
[Round "?"]
[White "Panait, Mihai Catalin"]
[Black "Gordin, Maxim"]
[Result "1/2-1/2"]
[WhiteElo "2240"]
[BlackElo "2150"]

1.d4 f5 2.c4 Nf6 3.Nf3 g6 4.g3 Bg7 5.Bg2 O-O 6.O-O d6 7.b3 c6 8.Bb2 a5 9.Nc3 Na6
10.a3 Bd7 11.Qc2 Qc7 12.Na4 Ne4 13.Nd2 Nxd2 14.Qxd2 e5 15.dxe5 dxe5 16.Rad1 Rad8
17.Qd6 Bc8 18.Qxc7 Nxc7 19.Nc5 e4 20.Bxg7 Kxg7 21.e3 Ne6 22.Na4 b5 23.cxb5 cxb5
24.Nc3 Nc7 25.b4 axb4 26.axb4 Be6 27.Rxd8 Rxd8 28.Rc1 Na6 29.Nxb5 Nxb4 30.Nd4 Bf7
31.Rc7 Kf6 32.g4 Bg8 33.gxf5 gxf5 34.Rc5 Rd5 35.Rc8 Bf7 36.h4 Ra5 37.Kh2 Nd3
38.Kg3 Ra4 39.Rc6+ Ke5 40.f4+ exf3 41.Nxf3+ Ke4 42.Rc7 Bg6 43.Re7+ Kd5 44.Rd7+ Kc4
45.Bf1 f4+ 46.exf4 Kc3 47.Bxd3 Bxd3 48.Ne5 Be4 49.Kg4 Ra1 50.f5 Rf1 51.Rf7 Kd4
52.Nd7 Bb1 53.Nf8 Ke5 54.Nd7+ Kd6 55.Nf8 Ke5  1/2-1/2

[Event "Centrocoop June op-A"]
[Site "Eforie Nord "]
[Date "1998.??.??"]
[Round "?"]
[White "Vioreanu, Bogdan"]
[Black "Gordin, Maxim"]
[Result "1/2-1/2"]
[WhiteElo "2030"]
[BlackElo "2150"]

1.d4 f5 2.Nf3 Nf6 3.g3 g6 4.Bg2 Bg7 5.O-O O-O 6.c4 d6 7.Nc3 c6 8.Qc2 Kh8
9.Bg5 Na6 10.e4 fxe4 11.Nxe4 Bf5 12.Nh4 Be6 13.Rae1 Qd7 14.Bd2 Nxe4 15.Rxe4 Rae8
16.Rfe1 Nc7 17.Bc3 Bxc4 18.d5 Bxd5 19.Nxg6+ hxg6 20.Rh4+ Kg8 21.Qxg6 e5 22.Qh7+ Kf7
23.Rf4+ Ke7 24.Qxg7+ Kd8 25.Qxf8 Rxf8 26.Rxf8+ Ke7 27.Rh8 Qf5 28.Rb8 Ne6
29.Rxb7+ Ke8 30.h4 Nf4 31.Bxd5 Nxd5 32.Rxa7 Qf3 33.a4 Nf6 34.a5 Ng4 35.Bd4 Kf8
36.Be3 d5 37.a6 d4 38.Rf1 Kg8 39.Bg5 e4 40.Ra8+ Kg7 41.a7 e3 42.Bf6+ Nxf6
43.Rg8+ Nxg8 44.a8=Q e2 45.Ra1 d3 46.Qe8 Qd5 47.Ra7+ Kf6 48.Qf8+ Ke5 49.Qf4+ Ke6
50.Qf7+ Ke5 51.Qf4+ Ke6 52.Qf7+  1/2-1/2

[Event "Centrocoop Sept op-A"]
[Site "Eforie Nord"]
[Date "1998.??.??"]
[Round "?"]
[White "Banea, Marian"]
[Black "Verlan, Sergei"]
[Result "1-0"]
[WhiteElo "2210"]
[BlackElo "2300"]

1.d4 f5 2.g3 Nf6 3.Bg2 g6 4.Nf3 Bg7 5.O-O O-O 6.c4 d6 7.Nc3 c6 8.d5 e5 9.dxe6 Bxe6
10.Qd3 Re8 11.Bf4 Ne4 12.Nd4 Nxc3 13.bxc3 Na6 14.Nb3 Be5 15.Be3 Qe7 16.Rab1 Nc5
17.Bxc5 dxc5 18.Na5 Rab8 19.Qe3 Bc7 20.Rxb7 Rxb7 21.Nxb7 Bxc4 22.Qxe7 Rxe7
23.Bxc6 Rxe2 24.Rd1 Bxa2 25.Ra1 Bb6 26.Rxa2 Re1+ 27.Kg2 Kg7 28.c4 Kf6 29.Bd5 h5
30.Nd6 g5 31.Nc8 f4 32.Nxb6 axb6 33.Rb2 fxg3 34.hxg3 h4 35.g4 Ke5 36.Rxb6 Kd4
37.Re6 Rxe6 38.Bxe6 Ke4 39.Bd5+ Kf4 40.Be6 Ke4 41.f3+ Kf4 42.Kf2 Ke5 43.Bg8 Kf4
44.Bd5 Ke5 45.Ke3 h3 46.Kf2 Kf4 47.Bb7 Ke5 48.Kg3 Kd4 49.Bd5  1-0

[Event "Eger Agria op"]
[Site "Eger Agria"]
[Date "1998.??.??"]
[Round "2"]
[White "Domotor, Jozsef"]
[Black "Domany, Mihaly"]
[Result "1/2-1/2"]
[WhiteElo "2060"]
[BlackElo "2175"]

1.d4 f5 2.Nf3 Nf6 3.g3 g6 4.Bg2 Bg7 5.O-O O-O 6.c4 d6 7.Nc3 Nc6 8.b3 e5 9.dxe5 dxe5
10.Ba3 Re8 11.Qxd8 Rxd8 12.Rad1 Bd7 13.e4 Nxe4 14.Nxe4 fxe4 15.Ng5 Bg4 16.Rxd8+ Rxd8
17.Bxe4 Bf6 18.Bxc6 bxc6 19.Ne4 Bg7 20.f3 Bf5 21.Bc5 a5 22.Be3 Bf8 23.c5 a4
24.Rb1 axb3 25.axb3 Rb8 26.b4  1/2-1/2

[Event "POR-ch sf"]
[Site "Faro"]
[Date "1998.??.??"]
[Round "6"]
[White "Andrade, Leonardo"]
[Black "Silva, Antonio"]
[Result "1/2-1/2"]
[WhiteElo "2250"]
[BlackElo "2205"]

1.c4 f5 2.Nf3 Nf6 3.g3 g6 4.Bg2 Bg7 5.O-O O-O 6.d4 d6 7.Nc3 Qe8 8.b3 c6 9.Bb2 Bd7
10.Qc2 Na6 11.Rae1  1/2-1/2

[Event "Oberliga Ost B9798"]
[Site "Germany"]
[Date "1998.??.??"]
[Round "?.5"]
[White "Bouaraba, Max"]
[Black "Tennstedt, Andreas"]
[Result "1/2-1/2"]
[WhiteElo "2150"]
[BlackElo "2215"]

1.d4 f5 2.Nf3 Nf6 3.g3 g6 4.Bg2 Bg7 5.c4 O-O 6.O-O d6 7.Nc3 c6 8.b3 Na6 9.Bb2 Bd7
10.Qd2 Qc7 11.d5 Nc5 12.b4 Nce4  1/2-1/2

[Event "Oberliga Nord W9798"]
[Site "Germany"]
[Date "1998.??.??"]
[Round "?.4"]
[White "Schubert, Thomas"]
[Black "Wichmann, Daniel"]
[Result "1/2-1/2"]
[WhiteElo "2295"]
[BlackElo "2125"]

1.d4 f5 2.Nf3 Nf6 3.g3 g6 4.Bg2 Bg7 5.O-O O-O 6.c4 d6 7.d5 Na6 8.Nc3 Qe8
9.Nd4 Bd7 10.Rb1 h6 11.b4 g5 12.e3 Ng4 13.f4 Qg6 14.Qd3 h5 15.Nf3 gxf4 16.exf4 Bf6
17.Bd2 Rf7 18.a3 Rg7 19.h4 Re8 20.Rbe1 Nh6 21.Ng5 Kh8 22.Be3 Ra8 23.Ne2 c5
24.dxc6 Bxc6 25.Bxc6 bxc6 26.c5 Nc7 27.cxd6 Nd5 28.dxe7 Nxe3 29.Qxe3 Rxe7
30.Qd2 Rae8 31.Nc1 Rxe1 32.Rxe1 Rxe1+ 33.Qxe1 Bd4+ 34.Kg2 Qg8 35.Qe6 Qxe6
36.Nxe6 Bb2 37.Nd3 Bxa3 38.Nd4 Bxb4 39.Nxc6 a5 40.Ndxb4 axb4 41.Nxb4 Kg7
42.Nd5 Kf7 43.Kf3 Ke6 44.Ne3 Nf7 45.Nc4 Kd5 46.Nb6+ Ke6 47.Na4 Nd6 48.Nc3 Nc4
49.Ke2 Nb2 50.Ke3 Nc4+ 51.Kd4 Nd2 52.Kc5 Nb3+ 53.Kc6 Nd4+ 54.Kc7 Ke7 55.Nd5+  1/2-1/2

[Event "Oberliga Ost A9798"]
[Site "Germany"]
[Date "1998.??.??"]
[Round "?.2"]
[White "Neidig, Stefan"]
[Black "Csulits, Anton"]
[Result "1-0"]
[WhiteElo "2250"]
[BlackElo "2305"]

1.c4 f5 2.Nf3 Nf6 3.g3 g6 4.Bg2 Bg7 5.O-O O-O 6.d4 d6 7.Nc3 Na6 8.b3 c6 9.Bb2 Qe8
10.Qd2 e5 11.dxe5 dxe5 12.e4 Nc5 13.exf5 gxf5 14.Qe3 Nfd7 15.Ne2 e4 16.Nfd4 Nd3
17.Bc3 Qg6 18.Nxf5 Rxf5 19.Bxg7 Rf3 20.Bxf3 exf3 21.Nd4 Kxg7 22.Qe7+ Kh8
23.Ne6 Nf6 24.Nc7 Ng8 25.Qd8 Rb8 26.Rad1 Bh3 27.Qxd3 Bxf1 28.Qxg6 hxg6 29.Kxf1 g5
30.Ne6 g4 31.Rd8 Rxd8 32.Nxd8 Nf6 33.Nxb7 Ne4 34.Ke1 c5 35.Na5 Kg7 36.Nc6 a6
37.Ne5  1-0

[Event "Oberliga Ost B9798"]
[Site "Germany"]
[Date "1998.??.??"]
[Round "?.7"]
[White "Barth, Andreas"]
[Black "Buchal, Stephan"]
[Result "0-1"]
[WhiteElo "2245"]
[BlackElo "2280"]

1.Nf3 g6 2.d4 Bg7 3.g3 f5 4.Bg2 Nf6 5.c4 O-O 6.O-O d6 7.Nc3 Qe8 8.d5 Na6
9.Rb1 Bd7 10.Nd4 c6 11.b3 Rc8 12.Bb2 Nc5 13.Qc2 Nxd5 14.Nxd5 cxd5 15.Bxd5+ e6
16.Bg2 e5 17.Bd5+ Kh8 18.Nf3 b5 19.Qd2 bxc4 20.bxc4 Qe7 21.Rfd1 Ba4 22.Rdc1 f4
23.e3 fxg3 24.fxg3 Bd7 25.Rf1 Bh3 26.Rfe1 Bf5 27.e4 Bh3 28.Qe3 Qf6 29.Nd2 Bh6
30.Qe2 Nd3 31.Rf1 Bxf1 32.Nxf1 Rb8 33.Ne3 Bxe3+ 34.Qxe3 Rxb2  0-1

[Event "Capablanca mem 33th Premier+"]
[Site "Havana"]
[Date "1998.??.??"]
[Round "?"]
[White "Vilela, Jose Luis"]
[Black "De la Riva Aguado, Oscar"]
[Result "1/2-1/2"]
[WhiteElo "2420"]
[BlackElo "2495"]

1.d4 f5 2.g3 Nf6 3.Bg2 g6 4.Nf3 Bg7 5.O-O O-O 6.c4 d6 7.Nc3 Nc6 8.d5 Ne5
9.Qb3 Nxf3+ 10.Bxf3 Nd7 11.Bg2 e5 12.dxe6 Nc5 13.Qc2 Bxe6 14.Be3 c6 15.Rad1 Qe7
16.b3 Rad8 17.Qd2 Bc8 18.Bg5 Bf6 19.Bxf6 Rxf6 20.e3 g5 21.f4 Re6 22.b4 Nd7
23.b5 Nb8 24.Rfe1 Re8 25.Kf2  1/2-1/2

[Event "HUN-chT2 9798"]
[Site "HUN"]
[Date "1998.??.??"]
[Round "?"]
[White "Virag, Ferenc"]
[Black "Bogdan, Dan"]
[Result "0-1"]
[WhiteElo "2335"]
[BlackElo "2380"]

1.d4 f5 2.Nf3 Nf6 3.g3 g6 4.Bg2 Bg7 5.O-O O-O 6.c4 d6 7.b3 Nc6 8.Bb2 e5 9.dxe5 Ng4
10.Nc3 dxe5 11.Qxd8 Rxd8 12.Nd5 Rd7 13.h3 Nh6 14.e3 Nf7 15.Rfd1 Ncd8 16.Kf1 Ne6
17.Ne1 c6 18.Nc3 e4 19.Rxd7 Bxd7 20.Rd1 Be8 21.Rd2 Nc5 22.f3 exf3 23.Nxf3 a5
24.Ke2 a4 25.Nd4 axb3 26.Nxb3 Nd7 27.Nd1 Nfe5 28.Bd4 Nxc4 29.Rc2 Nce5 30.Nf2 Bf7
31.Kd2 Ra3 32.Bf1 Bxb3 33.axb3 Rxb3 34.Bxe5 Nxe5 35.Nd3 Nxd3 36.Bxd3 Ra3
37.g4 fxg4 38.hxg4 Kf7 39.Ke2 Ke6 40.Bc4+ Kd6 41.Bg8 h5 42.gxh5 gxh5 43.Bf7 h4  0-1

[Event "Zemplen Kupa op"]
[Site "Hungary"]
[Date "1998.??.??"]
[Round "3"]
[White "Emodi, Barnabas"]
[Black "Petro, Jozsef"]
[Result "1/2-1/2"]
[WhiteElo "2400"]
[BlackElo "2200"]

1.d4 f5 2.Nf3 Nf6 3.c4 g6 4.g3 Bg7 5.Bg2 O-O 6.O-O d6 7.Nc3 Qe8 8.b3 e5 9.dxe5 dxe5
10.Nd5 Na6 11.Bb2 Ne4 12.Ne1 Nf6 13.Nxf6+ Bxf6 14.Qd5+ Kg7 15.e4 Nb4 16.Qd2 Nc6
17.Nd3 Be6 18.exf5 Bxf5 19.Nc5 Rd8 20.Qe3 b6 21.Ne4 Nd4 22.Rac1 Bxe4 23.Bxe4 c5
24.Bc3 Qd7 25.b4 Qg4 26.f3 Bg5 27.Qe1 Qe6 28.Bxd4 Rxd4 29.Bd5 Qd6 30.Rb1 cxb4
31.Qxb4 Qxb4 32.Rxb4 Be3+ 33.Kh1 Rd2 34.Ra4 a5 35.Re1 Bd4  1/2-1/2

[Event "Klatovy op-B"]
[Site "Klatovy"]
[Date "1998.??.??"]
[Round "?"]
[White "Kudlacek, J."]
[Black "Boucek, Vlastimil"]
[Result "1/2-1/2"]
[WhiteElo "1760"]
[BlackElo "1785"]

1.Nf3 f5 2.g3 Nf6 3.Bg2 g6 4.d4 Bg7 5.O-O O-O 6.c4 d6 7.Nc3 c6 8.Bg5 Qe8
9.Nd2 h6 10.Be3 Ng4 11.Qc2 e5 12.dxe5 Nxe3 13.fxe3 dxe5 14.e4 Na6 15.exf5 gxf5
16.e3 Be6 17.Ne2 Rd8 18.Rad1 Qe7 19.Kh1 Nb4 20.Qa4 Nd3 21.Qc2 Qc5 22.Nc1 e4
23.Nxd3 Rxd3 24.Rde1 Rfd8 25.Nb3 Qb6 26.g4 Qb4 27.gxf5 Bxf5 28.Qf2 Rf8 29.Qc2 a5
30.Nd4 Rd2 31.a3 Rxc2 32.axb4 Bxd4 33.exd4 axb4 34.Rxf5 Rxf5 35.Bxe4 Rff2
36.Bxc2 Rxc2 37.b3  1/2-1/2

[Event "MK Cafe Cup-B"]
[Site "Koszalin"]
[Date "1998.??.??"]
[Round "3"]
[White "Sakalauskas, Vaidas"]
[Black "Krystofiak, Tomasz"]
[Result "1-0"]
[WhiteElo "2410"]
[BlackElo "2155"]

1.d4 f5 2.Nf3 Nf6 3.c4 g6 4.g3 Bg7 5.Bg2 O-O 6.O-O d6 7.Nc3 Nc6 8.d5 Ne5
9.Nxe5 dxe5 10.e4 f4 11.gxf4 exf4 12.e5 Ng4 13.e6 Ne5 14.Re1 g5 15.Re4 Qe8
16.f3 Qh5 17.Qe2 Ng6 18.Nb5 c6 19.Nc7 cxd5 20.cxd5 Rb8 21.Bd2 b6 22.Bc3 Bb7
23.Bxg7 Kxg7 24.Rd4 Nh4 25.Nb5 Rf5 26.Nc3 Rbf8 27.Rf1 R8f6 28.Bh3 Ba6 29.Qxa6 Nxf3+
30.Rxf3 Qxf3 31.Rd3 Qh5 32.Qb7 g4 33.Qxe7+ Kh6 34.Bg2 f3 35.Bf1 g3 36.hxg3 Rg6
37.Ne4 Qg4 38.Kf2 Qxe4 39.Qh4+ Qxh4 40.gxh4 Re5 41.d6 Rexe6 42.d7 Rg8 43.d8=Q Rxd8
44.Rxd8 Rc6 45.Bd3 Kh5 46.Rd4 Rc7 47.Kxf3 Rf7+ 48.Ke3 Re7+ 49.Kd2 Rc7 50.Be2+ Kg6
51.Rd6+ Kf5 52.Rh6  1-0

[Event "VfB op 5th"]
[Site "Leipzig"]
[Date "1998.??.??"]
[Round "7"]
[White "Czech, Ludwig"]
[Black "Bartolomaeus, Christian"]
[Result "0-1"]
[WhiteElo "2160"]
[BlackElo "2210"]

1.c4 f5 2.g3 Nf6 3.Bg2 g6 4.Nf3 Bg7 5.O-O O-O 6.d4 d6 7.Nc3 Nc6 8.Rb1 e5
9.d5 Ne7 10.b4 h6 11.a4 g5 12.e3 Ng6 13.Ne2 g4 14.Ne1 h5 15.h4 gxh3 16.Bxh3 f4
17.Bg2 Bf5 18.Rb3 fxe3 19.Bxe3 Qd7 20.Bg5 Qxa4 21.Bxf6 Rxf6 22.Nc3 Qd7 23.Qxh5 Kf7
24.Be4 Bg4 25.Qg5 Rh8 26.f3 Bh3 27.Rf2 Bh6 28.Qh5 Be3 29.Bxg6+ Kg7 30.Qxh8+ Kxh8
31.Be4 Qg7 32.Ne2 Bxf2+ 33.Kxf2 Bf5 34.Re3 Qh7 35.Nc3 Qh2+ 36.Ng2 Bh3 37.f4 exf4
38.gxf4 Rxf4+ 39.Ke1 Bxg2 40.Bxg2 Qg1+ 41.Kd2 Qxg2+  0-1

[Event "PER-ch sf"]
[Site "Lima"]
[Date "1998.??.??"]
[Round "2"]
[White "Soto, Jorge"]
[Black "Aguilar, Juan"]
[Result "1-0"]
[WhiteElo "2175"]
[BlackElo "2305"]

1.d4 f5 2.Nf3 Nf6 3.g3 g6 4.Bg2 Bg7 5.c4 O-O 6.O-O d6 7.Nc3 Nc6 8.d5 Na5
9.Qa4 c5 10.dxc6 Nxc6 11.Rd1 Qa5 12.Qb3 Kh8 13.Nd5 Ne4 14.Be3 e6 15.Nf4 Rb8
16.Ng5 Nxg5 17.Bxc6 Nf7 18.Bg2 Bd7 19.Bd2 Qa6 20.Rdc1 Rfc8 21.Bb4 Ne5 22.c5 d5
23.Bc3 Rxc5 24.h4 Rbc8 25.e3 Kg8 26.h5 g5 27.h6 Ba4 28.Qb4 Bf8 29.Qd4 Qd6
30.Nh5 Bb5 31.f4 gxf4 32.gxf4 Ng6 33.Nf6+ Kf7 34.Nxh7 e5 35.Ng5+ Ke8 36.fxe5 Nxe5
37.h7 Bg7 38.Qh4 Bh8 39.Rd1 Bc6 40.Bd4 Rc4 41.b3 Rb4 42.Rac1 Rc7 43.Qf4 Rxd4
44.exd4 Nf7 45.Re1+ Re7 46.Rxe7+ Qxe7 47.Nxf7 Kxf7 48.Bxd5+  1-0

[Event "POR-ch"]
[Site "Lisbon"]
[Date "1998.??.??"]
[Round "11"]
[White "Camejo, Rui"]
[Black "Dias, Paulo"]
[Result "0-1"]
[WhiteElo "2295"]
[BlackElo "2295"]

1.d4 f5 2.c4 Nf6 3.Nf3 g6 4.g3 Bg7 5.Bg2 O-O 6.O-O d6 7.Nc3 Nc6 8.d5 Ne5
9.Nxe5 dxe5 10.a4 h6 11.a5 g5 12.a6 bxa6 13.Qb3 Nd7 14.Na4 Rb8 15.Qc2 Qe8
16.Be3 e4 17.Bd2 Qh5 18.Ba5 Be5 19.Bc3 Bxc3 20.bxc3 Ne5 21.c5 Ng4 22.h3 Nf6
23.c4 f4 24.Bxe4 Qxh3 25.Bf3 Bf5 26.e4 Nxe4 27.Bg2 Qg4 28.Qd1 Qxd1 29.Rfxd1 fxg3
30.fxg3 Rb3 31.Re1 Rxg3 32.Kh2 Rg4 33.Ra2 Rf7 34.Rae2 Nf6 35.Rxe7 Rxc4 36.d6 cxd6
37.cxd6 Rxa4 38.Rf1 Rf4 39.Rfe1 Rd4 40.Rf1 Bd3 41.Rd1 Rxd6 42.Rxf7 Kxf7  0-1

[Event "RUS-Cup02"]
[Site "Moscow"]
[Date "1998.??.??"]
[Round "6"]
[White "Riazantsev, Alexander"]
[Black "Gagarin, Vasilij"]
[Result "1/2-1/2"]
[WhiteElo "2290"]
[BlackElo "2415"]

1.d4 f5 2.Nf3 Nf6 3.g3 g6 4.Bg2 Bg7 5.O-O O-O 6.c4 d6 7.Nc3 Qe8 8.d5 a5 9.Nd4 Na6
10.b3 Bd7 11.Bb2 h6 12.e4 fxe4 13.Nxe4 Nxe4 14.Bxe4 Nc5 15.Bg2 g5 16.Qe2 Qg6
17.Rad1 Rf7 18.Bc3 Be5 19.Qe3 Bg4 20.Rd2 Bf4 21.Qe1 Bxd2 22.Qxd2 Qd3 23.Qc1 Ne4
24.Ba1 Raf8 25.Bxe4 Qxe4 26.Qc3 Rf6 27.f3 Qh7 28.Kg2 b6 29.h3 Bd7 30.Re1 R8f7
31.Re3 h5 32.Qe1 g4 33.f4 gxh3+ 34.Kh2 Rg6 35.Nf3 h4 36.Nxh4 Rg4 37.Nf3 Rfxf4
38.Rxe7 Re4 39.Rxh7 Rxe1 40.Rh8+ Kf7 41.Nxe1 Re4 42.Rh7+ Ke8 43.Rxd7 Kxd7
44.Nf3 Re2+ 45.Kxh3 Rxa2 46.Bf6 a4 47.bxa4 Rxa4 48.Nd2 c6 49.g4 cxd5 50.cxd5 Ra3+
51.Kh4 Rd3 52.Ne4 Rxd5 53.Bc3 Rd3 54.g5 Re3 55.Nf6+ Ke6 56.Bd4 Rd3 57.Bxb6 Kf5
58.Ng8 Rb3 59.Nh6+ Kg6 60.Bd8 d5 61.Bf6 d4 62.Kg4 d3 63.Kf3 d2+ 64.Ke2 Rd3
65.Kd1 Rd5 66.Ng4 Rxg5  1/2-1/2